|
|
|
|
| LEADER |
04200nam a2200877 4500 |
| 001 |
ocn795687250 |
| 003 |
OCoLC |
| 005 |
20170124071835.9 |
| 006 |
m o d |
| 007 |
cr cn||||||||| |
| 008 |
120615s2012 enk ob 001 0 eng |
| 010 |
|
|
|a 2012024890
|
| 040 |
|
|
|a DLC
|b eng
|e pn
|c DLC
|d YDX
|d DG1
|d N$T
|d CDX
|d IDEBK
|d E7B
|d YDXCP
|d UBY
|d HEBIS
|d EBLCP
|d MEAUC
|d DEBSZ
|d UKDOC
|d OCLCO
|d OCLCQ
|d COO
|d OCLCF
|d DG1
|d GrThAP
|
| 019 |
|
|
|a 804860763
|a 806521022
|a 808670206
|a 817806990
|
| 020 |
|
|
|a 9781118343982
|q (ePub)
|
| 020 |
|
|
|a 1118343980
|q (ePub)
|
| 020 |
|
|
|a 9781118343975
|q (MobiPocket)
|
| 020 |
|
|
|a 1118343972
|q (MobiPocket)
|
| 020 |
|
|
|a 9781119941163
|q (Adobe PDF)
|
| 020 |
|
|
|a 1119941164
|q (Adobe PDF)
|
| 020 |
|
|
|a 9781119941156
|q (electronic bk.)
|
| 020 |
|
|
|a 1119941156
|q (electronic bk.)
|
| 020 |
|
|
|a 1283542838
|
| 020 |
|
|
|a 9781283542838
|
| 020 |
|
|
|z 9780470686249
|q (hardback)
|
| 020 |
|
|
|z 9780470686256
|q (pbk.)
|
| 020 |
|
|
|z 0470686251
|q (pbk.)
|
| 024 |
8 |
|
|a 9786613855282
|
| 029 |
1 |
|
|a AU@
|b 000049549042
|
| 029 |
1 |
|
|a DEBBG
|b BV041560310
|
| 029 |
1 |
|
|a DEBSZ
|b 397362870
|
| 029 |
1 |
|
|a DEBSZ
|b 423064649
|
| 029 |
1 |
|
|a DEBSZ
|b 446037591
|
| 029 |
1 |
|
|a NZ1
|b 15915924
|
| 029 |
1 |
|
|a DEBSZ
|b 456504648
|
| 029 |
1 |
|
|a DEBBG
|b BV041829335
|
| 035 |
|
|
|a (OCoLC)795687250
|z (OCoLC)804860763
|z (OCoLC)806521022
|z (OCoLC)808670206
|z (OCoLC)817806990
|
| 037 |
|
|
|a 10.1002/9781119941156
|b Wiley InterScience
|n http://www3.interscience.wiley.com
|
| 042 |
|
|
|a pcc
|
| 043 |
|
|
|a mm-----
|
| 050 |
0 |
0 |
|a GB543.M4
|
| 072 |
|
7 |
|a NAT
|x 010000
|2 bisacsh
|
| 072 |
|
7 |
|a NAT
|x 045040
|2 bisacsh
|
| 072 |
|
7 |
|a SCI
|x 026000
|2 bisacsh
|
| 072 |
|
7 |
|a SCI
|x 020000
|2 bisacsh
|
| 072 |
|
7 |
|a SCI
|2 eflch
|
| 082 |
0 |
0 |
|a 577.5/3091822
|2 23
|
| 084 |
|
|
|a SCI030000
|2 bisacsh
|
| 049 |
|
|
|a MAIN
|
| 100 |
1 |
|
|a Vogiatzakis, Ioannis N.
|q (Ioannis Nikolaou)
|
| 245 |
1 |
0 |
|a Mediterranean mountain environments
|h [electronic resource] /
|c Ioannis Vogiatzakis.
|
| 264 |
|
1 |
|a Chichester, West Sussex ;
|a Hoboken, NJ :
|b Wiley-Blackwell,
|c 2012.
|
| 300 |
|
|
|a 1 online resource.
|
| 336 |
|
|
|a text
|b txt
|2 rdacontent
|
| 337 |
|
|
|a computer
|b c
|2 rdamedia
|
| 338 |
|
|
|a online resource
|b cr
|2 rdacarrier
|
| 500 |
|
|
|a Includes index.
|
| 520 |
|
|
|a "This book provides an introduction to the environments of mountainous areas in the Mediterranean and their changes in time and space in relation to both natural and cultural factors"--
|c Provided by publisher.
|
| 588 |
0 |
|
|a Print version record and CIP data provided by publisher.
|
| 504 |
|
|
|a Includes bibliographical references and index.
|
| 505 |
0 |
|
|a Front Matter -- Supplemental Images -- Introduction to the Mediterranean Mountain Environments / Ioannis N Vogiatzakis -- Quaternary Environmental History / A M Mannion -- Glacial History / Philip D Hughes -- Landforms and Soils / Maria Teresa Melis, Stefano Loddo -- Climate and Hydrology / Carmen de Jong, Abrahim Gurer, Alon Rimmer, Amin Shaban, Mark Williams -- Biogeography / Ioannis N Vogiatzakis -- Cultural Geographies / Veronica della Dora, Theano S Terkenli -- Land Use Changes / Vasilios P Papanastasis -- Climate Change and its Impact / D Nogǔs-Bravo, J I L̤pez-Moreno, S M Vicente-Serrano -- Conclusions / Ioannis N Vogiatzakis -- Index.
|
| 650 |
|
0 |
|a Mountains
|z Mediterranean Region.
|
| 650 |
|
0 |
|a Mountains
|x Environmental aspects
|z Mediterranean Region.
|
| 650 |
|
7 |
|a SCIENCE
|x Earth Sciences
|x Geography.
|2 bisacsh
|
| 650 |
|
7 |
|a Gebirge
|2 gnd
|0 (DE-588)4019535-1
|
| 650 |
|
7 |
|a Physische Geographie
|2 gnd
|0 (DE-588)4174629-6
|
| 650 |
|
7 |
|a Mountains.
|2 fast
|0 (OCoLC)fst01028366
|
| 650 |
|
7 |
|a Mountains
|x Environmental aspects.
|2 fast
|0 (OCoLC)fst01028370
|
| 651 |
|
7 |
|a Mittelmeerraum
|2 gnd
|0 (DE-588)4074900-9
|
| 651 |
|
7 |
|a Mediterranean Region.
|2 fast
|0 (OCoLC)fst01239752
|
| 655 |
|
4 |
|a Electronic books.
|
| 655 |
|
7 |
|a Electronic books.
|2 local
|
| 655 |
|
0 |
|a Electronic books.
|
| 776 |
0 |
8 |
|i Print version:
|a Vogiatzakis, Ioannis N. (Ioannis Nikolaou).
|t Mediterranean mountain environments.
|d Chichester, West Sussex ; Hoboken, NJ : Wiley, 2012
|z 9780470686249
|w (DLC) 2012020572
|
| 856 |
4 |
0 |
|u https://doi.org/10.1002/9781119941156
|z Full Text via HEAL-Link
|
| 994 |
|
|
|a 92
|b DG1
|